Training for evangelism: (Record no. 10696)

000 -LEADER
fixed length control field 00524nam a2200181 a 4500
001 - CONTROL NUMBER
control field :::00008487$&:&@@
003 - CONTROL NUMBER IDENTIFIER
control field OkBaRHE
005 - DATE AND TIME OF LATEST TRANSACTION
control field 20000607103344.0
008 - FIXED-LENGTH DATA ELEMENTS--GENERAL INFORMATION
fixed length control field s1979 j 000 0 eng u
040 ## - CATALOGING SOURCE
Transcribing agency
100 1# - MAIN ENTRY--PERSONAL NAME
Personal name Sisson, Richard.
245 10 - TITLE STATEMENT
Title Training for evangelism:
Remainder of title leader's guide.
260 ## - PUBLICATION, DISTRIBUTION, ETC. (IMPRINT)
Place of publication, distribution, etc Chicago, IL., :
Name of publisher, distributor, etc Moody Press
Date of publication, distribution, etc 1979
300 ## - PHYSICAL DESCRIPTION
Extent 49 p.
650 ## - SUBJECT ADDED ENTRY--TOPICAL TERM
Topical term or geographic name as entry element Evangelism
942 ## - ADDED ENTRY ELEMENTS (KOHA)
Source of classification or shelving scheme
Koha item type Books
Copies
Full call number Source of classification or shelving scheme Price effective from Not for loan Copy number Lost status Date acquired Withdrawn status Date last seen Barcode Shelving location Koha item type Permanent Location Damaged status
BV 3790 .S56 2010-04-14 1 2010-04-14 2010-04-148487General StacksBooksRHEMA Bible Training College